00913nam a2200277Ia 4500001000900000003000500009005001700014008004100031010001100072040000900083082002000092245016900112260002900281300001000310400004000320440003200360500004200392650002200434650001800456650002000474650001900494650001900513650002700532700004000559700003600599dia_2265CHAP20251021152824.0220117s1973 xx 000 0 und d a172785 cCHAP a641.44 C46 1973 aEl centri-therm tipo CT-IB (operación de un equipo para concentraciones y recuperación) /c traducción Armando M. López Rubio y Franciso Guillén Sánchez aMéxico :b ENA,c1973 a23 p. aSERIE DE TRADUCCIONES TÉCNICAS, 2 aTraducciones técnicas ; 2 aEl ejemplar 3 es material fotocopiado aConcentración  aConcentrating aDryersxFoods  aEvaporadores  aEvaporators  aSecadoresxAlimentos  aGuillén Sánchez, Francisco, tr. aLópez Rubio, Armando M., tr.